000
00230nam a2200097Ia 4500
008
240331s9999 xx 000 0 und d
082
_b
VAA
100
_a
Tamil University. ed
245
0
_a
Vaalviyat Kalanchiyam :
_b
Part 1
942
_c
L
999
_c
3272
_d
3272